Programa y textos de las conferencias presentadas

محفوظ في:
التفاصيل البيبلوغرافية
مؤلفون مشاركون: Organización Mundial de la Propiedad Intelectual (مؤلف), OMPI (مؤلف), Asociación Internacional para el Progreso de la Enseñanza y la Investigación de la Propiedad Intelectual (مؤلف), ATRIP (مؤلف), Universidad de Costa Rica (مؤلف), Gobierno de la República de Costa Rica (مؤلف)
التنسيق: كتاب
اللغة:الإسبانية
منشور في: San José WIPO 1992
الموضوعات:
الوسوم: إضافة وسم
لا توجد وسوم, كن أول من يضع وسما على هذه التسجيلة!

MARC

LEADER 00000nam a2200000 a 4500
001 UCX9300
003 CL-VaPUC
005 20210303001338.0
008 940530e19920000cr 1 spa d
082 0 4 |a 346.048  |b ORG  |2 21 
110 2 |a Organización Mundial de la Propiedad Intelectual  |e author  |9 616973 
710 2 |a OMPI  |e author  |9 616974 
710 2 |a Asociación Internacional para el Progreso de la Enseñanza y la Investigación de la Propiedad Intelectual  |e author  |9 616975 
710 2 |a ATRIP  |e author  |9 616976 
710 2 |a Universidad de Costa Rica  |e author  |9 616977 
710 2 |a Gobierno de la República de Costa Rica  |e author  |9 616978 
245 1 0 |a Programa y textos de las conferencias presentadas 
260 |a San José  |b WIPO  |c 1992 
300 |a 223 p 
583 |a last modification  |c 19940530 00:00:00  |k Rodrigo Vera 
650 0 7 |a PATENTES DE INVENCION  |2 CL-VaPUC  |9 256531 
650 0 7 |a DERECHOS DE AUTOR  |2 CL-VaPUC  |9 255076 
650 0 0 |a Educación superior   |9 223851 
651 0 |a América Latina   |9 255027 
942 |c BK 
945 |a rbrito  |d 19940530 00:00:00 
546 |a En Español 
518 |p Simposio sobre Propiedad Intelectual, Universidad e Industria en América Latina, San José, 17 al 21 de Septiembre de 1990 
999 |c 382221  |d 382219 
952 |0 0  |1 0  |4 0  |6 346_048000000000000_ORG_1992  |7 0  |8 A  |9 503795  |a BIBDER  |b BIBDER  |d 2020-01-23  |i 2973847  |o 346.048 ORG 1992  |p 2973847  |r 2023-01-25  |w 2020-01-23  |y BK  |k DER